[Event "SVK-ch U14"]
[Site "Tatralandia"]
[Date "2015.04.23"]
[Round "7"]
[White "Lopata, Daniel"]
[Black "Gyurenka, Adam"]
[Result "0-1"]
[WhiteElo "1204"]
[BlackElo "1585"]
[PlyCount "116"]
[EventDate "2015.04.18"]
[EventType "swiss"]
[EventRounds "9"]
[EventCountry "SVK"]
[SourceTitle "CBM 166 Extra"]
[Source "ChessBase"]
[SourceDate "2015.06.18"]
[SourceVersion "1"]
[SourceVersionDate "2015.06.18"]
[SourceQuality "1"]

1. e4 c5 2. Nf3 e6 3. d3 Nc6 4. Nbd2 Nf6 5. g3 d6 6. Bg2 Be7 7. 0-0 0-0 8. Re1 d5 9. e5 Nd7 10. Nf1 b5 11. h4 Qc7 12. Bf4 Bb7 13. N1h2 Kh8 14. Ng5 Rae8 15. Qh5 Bxg5 16. hxg5 Ne7 17. Ng4 Ng6 18. Kh2 Rg8 19. Rh1 Ndf8 20. Kg1 d4 21. Bxb7 Qxb7 22. Nh2 Rd8 23. Qf3 Rd5 24. Re1 Qa6 25. a3 Qa4 26. Qe2 Nd7 27. Nf3 Rd8 28. Kg2 Ndf8 29. Rh2 c4 30. dxc4 bxc4 31. Rd1 Qb5 32. b3 cxb3 33. Qxb5 Rxb5 34. cxb3 Rxb3 35. Rxd4 Rxd4 36. Nxd4 Nxf4+ 37. gxf4 Rxa3 38. Rh1 Ng6 39. Ne2 a5 40. Rc1 h6 41. gxh6 gxh6 42. Rc7 Kg7 43. Ra7 a4 44. Ra8 Nh4+ 45. Kh1 Ra1+ 46. Kh2 a3 47. Ng3 Nf3+ 48. Kg2 Ne1+ 49. Kh3 Nd3 50. Kh4 f5 51. Nh5+ Kf7 52. Kg3 a2 53. Ra7+ Kf8 54. Nf6 Rg1+ 55. Kh2 a1Q 56. Rd7 Rh1+ 57. Kg3 Qg1+ 58. Kf3 Qxf2# 0-1

[Event "SVK-ch U14"]
[Site "Stara Lubovna"]
[Date "2014.04.08"]
[Round "5"]
[White "Gyurenka, Adam"]
[Black "Starovic, Martin"]
[Result "1/2-1/2"]
[WhiteElo "1429"]
[BlackElo "1273"]
[PlyCount "93"]
[EventDate "2014.04.05"]
[EventType "swiss"]
[EventRounds "9"]
[EventCountry "SVK"]
[SourceTitle "EXT 2016"]
[Source "ChessBase"]
[SourceDate "2015.10.08"]
[SourceVersion "1"]
[SourceVersionDate "2015.10.08"]
[SourceQuality "1"]

1. d4 d5 2. c4 e6 3. Nc3 Nf6 4. Bg5 Be7 5. e3 0-0 6. Nf3 Nbd7 7. Qc2 h6 8. Bh4 a6 9. cxd5 exd5 10. Bd3 c5 11. 0-0 Re8 12. a4 b6 13. Rfe1 Nf8 14. Ne5 Bb7 15. Bf5 Bd6 16. Ng4 Be7 17. Qe2 Nxg4 18. Bxe7 Rxe7 19. Qxg4 Bc8 20. Bxc8 Rxc8 21. Nxd5 Re6 22. Nf4 Rd6 23. Rac1 Ng6 24. dxc5 Rxc5 25. Nxg6 Rxg6 26. Qe2 Qd5 27. f3 Rxc1 28. Rxc1 Qb3 29. Rc3 Qxa4 30. Ra3 Qb5 31. Qxb5 axb5 32. Rb3 Rg5 33. f4 Rd5 34. e4 Rc5 35. Kf2 Kf8 36. Ke3 Rc2 37. Kf3 Rc5 38. g4 g5 39. f5 f6 40. Ke3 Ke7 41. Kd4 Kd6 42. Re3 Rc4+ 43. Kd3 Ke5 44. b3 Rd4+ 45. Kc3 b4+ 46. Kc2 Rxe4 47. Rg3 1/2-1/2

[Event "SVK-ch U12"]
[Site "Lubovna"]
[Date "2013.04.13"]
[Round "9"]
[White "Gyurenka, Adam"]
[Black "Durica, Adam"]
[Result "1-0"]
[WhiteElo "1000"]
[BlackElo "1346"]
[PlyCount "117"]
[EventDate "2013.04.06"]
[EventType "swiss"]
[EventRounds "9"]
[EventCountry "SVK"]
[SourceTitle "CBM 153 Extra"]
[Source "ChessBase"]
[SourceDate "2013.04.22"]
[SourceVersion "1"]
[SourceVersionDate "2013.04.22"]
[SourceQuality "1"]

1. d4 d5 2. c4 c6 3. Nc3 Nf6 4. Bg5 dxc4 5. e3 b5 6. a4 Ba6 7. axb5 cxb5 8. Qf3 Nbd7 9. Rxa6 Rb8 10. Bxf6 gxf6 11. Qc6 b4 12. Nd5 Rc8 13. Qa4 c3 14. bxc3 bxc3 15. Bd3 e6 16. Nf4 Qc7 17. Nge2 c2 18. 0-0 Rg8 19. Rc1 Qb8 20. Rxa7 Rd8 21. Bb5 Bd6 22. Bxd7+ Kf8 23. Bxe6 Kg7 24. Rxf7+ Kh8 25. Qa7 Qxa7 26. Rxa7 Rge8 27. Bf5 Bxf4 28. Rxh7+ Kg8 29. Nxf4 Rb8 30. Bxc2 Rec8 31. Nh5 Rxc2 32. Nxf6+ Kf8 33. Rf1 Rbc8 34. g3 R8c6 35. Nd7+ Ke8 36. Ne5 Rc7 37. Rxc7 Rxc7 38. h4 Rh7 39. Kg2 Ke7 40. Rc1 Ke6 41. Kh3 Kf5 42. g4+ Ke4 43. g5 Kf5 44. Rc5 Ke6 45. Ng6 Ra7 46. Kg4 Kf7 47. Kf5 Ra2 48. Rc7+ Ke8 49. Ke6 Ra6+ 50. Kf5 Ra2 51. f4 Ra5+ 52. Ke4 Ra6 53. h5 Re6+ 54. Kf3 Rd6 55. f5 Rd7 56. Rxd7 Kxd7 57. h6 Kc6 58. h7 Kd5 59. h8Q 1-0

[Event "SVK-ch U12"]
[Site "Lubovna"]
[Date "2013.04.08"]
[Round "4"]
[White "Ondo, Tomas"]
[Black "Gyurenka, Adam"]
[Result "1/2-1/2"]
[WhiteElo "1345"]
[BlackElo "1000"]
[PlyCount "117"]
[EventDate "2013.04.06"]
[EventType "swiss"]
[EventRounds "9"]
[EventCountry "SVK"]
[SourceTitle "CBM 153 Extra"]
[Source "ChessBase"]
[SourceDate "2013.04.22"]
[SourceVersion "1"]
[SourceVersionDate "2013.04.22"]
[SourceQuality "1"]

1. e4 c5 2. Nf3 e6 3. c4 Nc6 4. Nc3 Nge7 5. d3 g6 6. Bd2 Bg7 7. Be2 0-0 8. 0-0 d5 9. exd5 exd5 10. cxd5 Nxd5 11. Rc1 b6 12. h3 Bf5 13. a3 Rc8 14. Bg5 Qd6 15. Ne4 Qe6 16. Nc3 Rfe8 17. Re1 Qd7 18. Qd2 Nd4 19. Nxd4 Bxd4 20. Nxd5 Qxd5 21. Bf4 Qb3 22. Rc2 Rxe2 23. Rxe2 Bxd3 24. Qd1 Bxc2 25. Qxc2 Qxc2 26. Rxc2 Re8 27. Kf1 Re4 28. g3 Be5 29. Bxe5 Rxe5 30. Kg2 Kg7 31. Kf3 Kf6 32. h4 g5 33. hxg5+ Kxg5 34. Rd2 Re7 35. Rd5+ Kg6 36. Rd6+ Kf5 37. Rd5+ Ke6 38. Rh5 f6 39. Ke4 Kf7+ 40. Kf3 Kg6 41. Rd5 Rc7 42. Ke4 Re7+ 43. Kf3 Re1 44. Rd2 c4 45. Rc2 b5 46. Rd2 Rc1 47. Kg2 c3 48. bxc3 Rxc3 49. Rb2 Rxa3 50. Rxb5 Ra1 51. Kf3 a5 52. Ke3 a4 53. Ra5 a3 54. Kf3 a2 55. Kg2 Kf7 56. Kf3 Ke6 57. Kg2 Kd6 58. Kf3 Kc6 59. Kg2 1/2-1/2

[Event "SVK-ch U12"]
[Site "Lubovna"]
[Date "2013.04.07"]
[Round "2"]
[White "Matis, Tibor"]
[Black "Gyurenka, Adam"]
[Result "1/2-1/2"]
[WhiteElo "1262"]
[BlackElo "1000"]
[PlyCount "117"]
[EventDate "2013.04.06"]
[EventType "swiss"]
[EventRounds "9"]
[EventCountry "SVK"]
[SourceTitle "CBM 153 Extra"]
[Source "ChessBase"]
[SourceDate "2013.04.22"]
[SourceVersion "1"]
[SourceVersionDate "2013.04.22"]
[SourceQuality "1"]

1. e4 c5 2. d4 cxd4 3. Nf3 g6 4. Nxd4 Nc6 5. Be3 Nf6 6. Nc3 Bg7 7. h3 0-0 8. Bd3 e6 9. 0-0 d5 10. exd5 exd5 11. Nxc6 bxc6 12. Bg5 Qd6 13. Re1 Be6 14. Ne2 Rfe8 15. Ng3 Nd7 16. c3 h6 17. Bd2 c5 18. Qc1 Ne5 19. Bc2 h5 20. Bh6 Rab8 21. b3 Nc6 22. Qg5 Qe7 23. Rxe6 Qxe6 24. Nxh5 Bxh6 25. Qxh6 Qe5 26. g4 Qxc3 27. Rf1 Qh8 28. Qxh8+ Kxh8 29. Nf6 Re2 30. Rc1 Rd8 31. a3 d4 32. Bd3 Rd2 33. Bb5 Rc8 34. Rxc5 Ne7 35. Re5 Nc6 36. Rc5 Ne7 37. Re5 Rc7 38. g5 Rb7 39. Bd7 Rxd7 40. Nxd7 Rd1+ 41. Kg2 d3 42. Rxe7 d2 43. Re8+ Kg7 44. Nf6 Rg1+ 45. Kh2 Rxg5 46. Rd8 Kxf6 47. Rxd2 Rb5 48. Rd3 a5 49. Kg3 Ke5 50. f4+ Ke4 51. Rf3 f6 52. b4 axb4 53. axb4 Rxb4 54. f5 g5 55. Rf2 Ke3 56. Rf3+ Ke4 57. Rf2 Rb5 58. Kg4 Rb4 59. Kg3 1/2-1/2